000 00451nam a2200133 4500
999 _c14050
_d14050
008 190730b ||||| |||| 00| 0 eng d
082 _aDPer 050 T48 Apr-June 2016 v. 187 n. 12-24
100 _aElliot, Philip.
_939047
245 _aDonald Trump wins the nomination:
_bnow what?/
_cPhilip Elliot.
260 _aHong Kong:
_bTime Asia,
_cc2016.
300 _av187 n18, pages 7-8:
_billustrations;
_c27 cm.
650 _aPolitics.
_939048
942 _2ddc
_cPER